000 01168cam a2200337 a 4500
020 _a060960077X (alk. paper)
082 0 0 _a649.1
_bCHO
100 1 _aChopra, Deepak.
245 1 4 _aThe seven spiritual laws for parents :
_bguiding your children to success and fulfillment /
_cDeepak Chopra.
250 _a1st ed.
260 _aNew York :
_bHarmony Books,
_cc1997.
300 _a156 p. ;
_c20 cm.
563 _aHB
650 0 _aChild rearing
_91866
650 0 _aParenting
_91867
650 0 _aChildren
_926574
650 0 _aChildren
_926574
650 0 _aReligious education of children.
_9123815
650 0 _aSpiritual life.
650 0 _9123816
650 0 _9123816
650 0 _9123817
856 4 2 _uhttp://www.loc.gov/catdir/bios/random057/97019609.html
856 4 2 _uhttp://www.loc.gov/catdir/description/random0410/97019609.html
856 4 1 _uhttp://www.loc.gov/catdir/enhancements/fy0703/97019609-s.html
942 _2ddc
_cBK
999 _c609885
_d609885